000 00769nam a2200253Ia 4500
003 OSt
005 20220926015003.0
006 a|||||r|||| 00| 0
007 ta
008 220923b |||||||| |||| 00| 0 eng d
037 _cGeneral Book
040 _aRTL
_cRTL
_beng
041 _2eng
_aeng
082 _aX6.73.N6, L1
100 _aFiedler Edgar R
_9321403
245 0 _aMeasures of credit risk and experience
260 _aNew York
_bNational Bureau of Economic Research USA
_c1971
300 _a357p.
_ccm.
490 _aNational Bureau of Economic Research general series. 95
500 _aBibliography: p 348-52
650 _aCredit Economics
_9232529
942 _hX6.73.N6, L1
_cGB
_2CC
999 _c630294
_d630294